000 00435cam a2200169ua 4500
003 OSt
008 250802b |||||||| |||| 00| 0 eng d
041 _aeng
082 _a627
_bMAJ/AP
100 _aMajor, David C .
_97659
245 _aApplied water resourse system planning /
250 _a1 /
260 _aNew Jersey :
_bPrentice Hall Inc ,
_c1979.
300 _a248 ; .
700 1 _aLenton , Roberto L .
_97660
942 _cBK
999 _c9483
_d9483